[Event "CHIJ IIII"]
[Site "SchemingMind.com"]
[Date "2021.03.01"]
[Round "-"]
[White "splinter"]
[Black "Daniel Dubé"]
[Result "1-0"]
[WhiteCountry "CAN"]
[BlackCountry "CAN"]
[WhiteElo "1830"]
[WhiteRD "71"]
[BlackElo "1563"]
[BlackRD "56"]
[GameID "708958"]

1. c4 e5 2. Nc3 Nf6 3. g3 c6 4. Bg2 d5 5. cxd5 cxd5 6. d4 exd4 7. Qxd4 Nc6 8. Qd1 Be6 9. e3 Bb4 10. Ne2 O-O
11. O-O Qd7 12. a3 Be7 13. b4 a6 14. Bb2 b5 15. Na2 Rfd8 16. Nac1 Bh3 17. Nd3 Bxg2 18. Kxg2 h5 19. h4 Ng4 20. Rc1 Rac8
21. Nd4 Bf6 22. Nxc6 Rxc6 23. Rxc6 Qxc6 24. Kg1 d4 25. Qe2 dxe3 26. Bxf6 Rxd3 27. Qxd3 exf2+ 28. Rxf2 Nxf2 29. Qd8+ Kh7 30. Bxg7 Qh1+
31. Kxf2 Kxg7 32. Qg5+ Kf8 33. Qxh5 Qc1 34. Qc5+ Qxc5+ 35. bxc5 a5 36. Ke3 Ke7 37. Kd4 Ke6 38. g4 f5 39. gxf5+ Kxf5 40. c6 Ke6
41. h5 b4 42. axb4 a4 43. h6 a3 44. Kc3
1-0

[Event "CHIJ IIII"]
[Site "SchemingMind.com"]
[Date "2021.03.03"]
[Round "-"]
[White "eliecercruzr"]
[Black "Daniel Dubé"]
[Result "1-0"]
[WhiteCountry "CUB"]
[BlackCountry "CAN"]
[WhiteElo "2203"]
[WhiteRD "105"]
[BlackElo "1635"]
[BlackRD "60"]
[GameID "708959"]

1. Nf3 Nf6 2. c4 g6 3. Nc3 Bg7 4. d4 d6 5. e4 O-O 6. Be2 e5 7. O-O Nc6 8. d5 Ne7 9. Ne1 Nd7 10. f3 f5
11. Nd3 f4 12. Bd2 g5 13. b4 a5 14. Nb5 Nf6 15. c5 Ng6 16. bxa5 Rf7 17. cxd6 cxd6 18. Nf2 h5 19. Rc1 Bf8 20. Qc2 Rg7
21. Nc7 Rb8 22. h3 Nh4 23. Ne6 Bxe6 24. dxe6 g4 25. fxg4 hxg4 26. Nxg4 Nh5 27. Be1 f3 28. Bxf3 Nf4 29. Nh6+ Kh7 30. Bxh4 Qxh4
31. Nf5 Nxh3+ 32. Kh2 Qg5 33. gxh3 Qf4+ 34. Kh1 Rg5 35. Qc7+
1-0

[Event "CHIJ IIII"]
[Site "SchemingMind.com"]
[Date "2021.03.01"]
[Round "-"]
[White "MichaelChess"]
[Black "Daniel Dubé"]
[Result "1-0"]
[WhiteCountry "CUB"]
[BlackCountry "CAN"]
[WhiteElo "2332"]
[WhiteRD "101"]
[BlackElo "1637"]
[BlackRD "62"]
[GameID "708960"]

1. e4 c5 2. Nf3 Nc6 3. d4 cxd4 4. Nxd4 Nf6 5. Nc3 e5 6. Ndb5 d6 7. Bg5 a6 8. Na3 b5 9. Nd5 Be7 10. Bxf6 Bxf6
11. c4 b4 12. Nc2 a5 13. Qf3 Be6 14. Rd1 Rb8 15. Nxf6+ Qxf6 16. Qxf6 gxf6 17. Rxd6 Ke7 18. Rxc6 b3 19. axb3 Rxb3 20. Kd2 Rxb2
21. Be2 Kd7 22. Ra6 Rc8 23. Kc3 Rcb8 24. Ra1 R8b3+ 25. Kd2 f5 26. R1xa5 fxe4 27. Rxe5
1-0

[Event "CHIJ IIII"]
[Site "SchemingMind.com"]
[Date "2021.03.01"]
[Round "-"]
[White "Kenny Elliott"]
[Black "David Connolly"]
[Result "0-1"]
[WhiteCountry "USA"]
[BlackCountry "WLS"]
[WhiteElo "1595"]
[WhiteRD "62"]
[BlackElo "2024"]
[BlackRD "68"]
[GameID "708961"]

1. d4 g6 2. e4 d6 3. Nf3 Bg7 4. Nc3 a6 5. h3 b5 6. b4 Bb7 7. a4 c5 8. Bb2 cxb4 9. Bxb5+ axb5 10. Nxb5 Bxe4
11. O-O Nf6 12. Nd2 Bb7 13. Nb3 O-O 14. c4 bxc3 15. Bxc3 Nd5 16. Qd2 Nxc3 17. Nxc3 Nc6 18. d5 Ne5 19. Qe2 Ba6 20. Nb5 Qb6
21. N3d4 Bxb5 22. Nxb5 Bf6 23. Ra2 Nd7 24. Rc1 Nc5 25. Nc3 Rfb8 26. Ne4 Nxe4 27. Qxe4 Qd4 28. Qxd4 Bxd4 29. Re1 Kf8 30. g4 Ra5
31. Kg2 Rb4 32. Rc2 Bc5 33. Rce2 Ra7 34. f4 Rbxa4 35. g5 Rxf4 36. Kg3 Rf5 37. Kg4 Rxd5
0-1

[Event "CHIJ IIII"]
[Site "SchemingMind.com"]
[Date "2021.03.01"]
[Round "-"]
[White "David Connolly"]
[Black "Derek Price"]
[Result "0-1"]
[WhiteCountry "WLS"]
[BlackCountry "ENG"]
[WhiteElo "2024"]
[WhiteRD "68"]
[BlackElo "2181"]
[BlackRD "72"]
[GameID "708962"]

1. e4 c5 2. c3 Nf6 3. e5 Nd5 4. Nf3 Nc6 5. Bc4 Nb6 6. Bb3 c4 7. Bc2 Qc7 8. O-O Nxe5 9. Nxe5 Qxe5 10. Re1 Qc7
11. a4 e6 12. d3 cxd3 13. Qxd3 Be7 14. a5 Nc4 15. Nd2 Nxa5 16. Re3 Nc6 17. Rh3 f5 18. Qf3 Nd4
0-1

[Event "CHIJ IIII"]
[Site "SchemingMind.com"]
[Date "2021.03.01"]
[Round "-"]
[White "David Connolly"]
[Black "grabapawn"]
[Result "1-0"]
[WhiteCountry "WLS"]
[BlackCountry "USA"]
[WhiteElo "2024"]
[WhiteRD "68"]
[BlackElo "1521"]
[BlackRD "60"]
[GameID "708963"]

1. d4 d6 2. e4 Nd7 3. Nf3 Ngf6 4. Bd3 e5 5. c3 Be7 6. O-O c6 7. Nbd2 Qc7 8. Re1 Nf8 9. Nf1 Ng6 10. Ng3 h5
11. Nf5 Bxf5 12. exf5 Nf8 13. dxe5 Ng4 14. exd6 Qxd6 15. h3 O-O-O 16. hxg4 hxg4 17. Ne5 Rh4 18. Bf4 Nh7 19. Bg3 Rh5 20. Nxf7 Qf6
21. Nxd8 Bxd8 22. Qxg4 Rg5 23. Qa4 a6 24. Bh4 Rxg2+ 25. Kxg2 Ng5 26. Bxa6 bxa6 27. Qxa6+ Kc7 28. Bg3+
1-0

[Event "CHIJ IIII"]
[Site "SchemingMind.com"]
[Date "2021.03.01"]
[Round "-"]
[White "Gilligan"]
[Black "David Connolly"]
[Result "0-1"]
[WhiteCountry "USA"]
[BlackCountry "WLS"]
[WhiteElo "1725"]
[WhiteRD "56"]
[BlackElo "2024"]
[BlackRD "68"]
[GameID "708964"]

1. e4 d5 2. exd5 Nf6 3. Nc3 Nxd5 4. Nxd5 Qxd5 5. Qf3 c6 6. Qxd5 cxd5 7. d4 Bf5 8. c3 f6 9. Nf3 g5 10. h3 Nc6
11. Bb5 Rc8 12. g4 Be4 13. Be2 e5 14. Rg1 exd4 15. cxd4 Bxf3 16. Bxf3 Nxd4 17. Bd1 Nc2+ 18. Bxc2 Rxc2 19. a3 Bc5 20. Rg2 Bd4
21. Rb1 Kd7 22. Bd2 Rxb2 23. Rxb2 Bxb2 24. a4 Be5 25. f3 Rc8 26. Kd1 Rc4 27. a5 Kc6 28. Ke2 Kb5 29. Rg1 Bc3 30. Ra1 Bxa1
0-1

[Event "CHIJ IIII"]
[Site "SchemingMind.com"]
[Date "2021.03.01"]
[Round "-"]
[White "Transcendent"]
[Black "David Connolly"]
[Result "1/2-1/2"]
[WhiteCountry "ENG"]
[BlackCountry "WLS"]
[WhiteElo "2009"]
[WhiteRD "64"]
[BlackElo "2063"]
[BlackRD "81"]
[GameID "708965"]

1. d4 d6 2. c4 e5 3. Nc3 exd4 4. Qxd4 Nc6 5. Qd2 Nf6 6. e4 g6 7. Bd3 Bg7 8. Nge2 O-O 9. O-O Nd7 10. b3 Nc5=
1/2-1/2

[Event "CHIJ IIII"]
[Site "SchemingMind.com"]
[Date "2021.03.05"]
[Round "-"]
[White "ramesse"]
[Black "David Connolly"]
[Result "1-0"]
[WhiteCountry "SVK"]
[BlackCountry "WLS"]
[WhiteElo "2568"]
[WhiteRD "73"]
[BlackElo "1994"]
[BlackRD "69"]
[GameID "708966"]

1. e4 c5 2. Nf3 d6 3. d4 cxd4 4. Nxd4 Nf6 5. Nc3 g6 6. Be3 Bg7 7. f3 O-O 8. Qd2 Nc6 9. Bc4 Bd7 10. Bb3 Nxd4
11. Bxd4 b5 12. a4 bxa4 13. Bxa4 Bxa4 14. Rxa4 Qb8 15. O-O Rc8 16. b3 Qb7 17. Rfa1 a6 18. h3 Rc6 19. Na2 Nh5 20. Bxg7 Kxg7
21. Nb4 Rb6 22. Nd5 Rc6 23. Kh1 Rac8 24. c4 Nf6 25. Qc3 Kg8 26. Qb4 Qa7 27. Qa3 Nxd5 28. exd5 Rb6 29. Rxa6 Rxa6 30. Qxa6 Qxa6
31. Rxa6 Rb8 32. Ra3 e6 33. dxe6 fxe6 34. Kg1 d5 35. Kf2 Rb4 36. c5 Kf7 37. c6 Ke7 38. Ra7+ Kd6 39. Rxh7 Kxc6 40. Rg7 d4
41. Rxg6 Kd5 42. g4 e5 43. h4 Rxb3 44. h5 Rb2+ 45. Kg3
1-0

[Event "CHIJ IIII"]
[Site "SchemingMind.com"]
[Date "2021.03.04"]
[Round "-"]
[White "David Connolly"]
[Black "Helga1946"]
[Result "1/2-1/2"]
[WhiteCountry "WLS"]
[BlackCountry "GER"]
[WhiteElo "2063"]
[WhiteRD "81"]
[BlackElo "2263"]
[BlackRD "69"]
[GameID "708967"]

1. c4 c5 2. g3 g6 3. Bg2 Bg7 4. Nc3 d6 5. e3 Nc6 6. Nge2 e5 7. O-O Nge7 8. d3 O-O 9. Rb1 Be6 10. Nd5 Rb8
11. Nec3 a6 12. b3 b5 13. Bb2 b4 14. Nxe7+ Nxe7 15. Ne2 a5 16. d4 cxd4 17. exd4=
1/2-1/2

[Event "CHIJ IIII"]
[Site "SchemingMind.com"]
[Date "2021.03.01"]
[Round "-"]
[White "JAHI"]
[Black "David Connolly"]
[Result "1-0"]
[WhiteCountry "INT"]
[BlackCountry "WLS"]
[WhiteElo "2088"]
[WhiteRD "75"]
[BlackElo "2024"]
[BlackRD "68"]
[GameID "708968"]

1. c3 c5 2. c4 e5 3. Nc3 Nf6 4. g3 g6 5. Bg2 Bg7 6. d3 d6 7. Bg5 O-O 8. h3 h6 9. Bxf6 Qxf6 10. h4 Nd7
11. h5 g5 12. e3 Rb8 13. Nge2 b6 14. Kf1 Bb7= 15. Bxb7 Rxb7 16. g4 Qf3 17. Ng3 Qxd1+= 18. Rxd1 Nf6 19. f3 Rd8 20. e4 Ne8
21. Ke2 Nc7 22. Nf5 Rd7 23. b3 a6 24. Ra1 b5 25. Rhb1 b4 26. Nd5
1-0

[Event "CHIJ IIII"]
[Site "SchemingMind.com"]
[Date "2021.03.01"]
[Round "-"]
[White "David Connolly"]
[Black "splinter"]
[Result "1-0"]
[WhiteCountry "WLS"]
[BlackCountry "CAN"]
[WhiteElo "2037"]
[WhiteRD "71"]
[BlackElo "1838"]
[BlackRD "78"]
[GameID "708969"]

1. c4 b6 2. d4 e6 3. a3 Bb7 4. Nc3 f5 5. Nf3 d6 6. e4 fxe4 7. Ng5 Qe7 8. Ngxe4 Nf6 9. Bd3 Nbd7 10. O-O O-O-O
11. Re1 h6 12. Qc2 g5 13. b4 Bg7 14. Ng3 Qf7 15. Bb2 Rhf8 16. d5 e5 17. Bf5 Rh8 18. Be6 Qe8 19. a4 Kb8 20. a5 Nf8
21. Bf5 Bc8 22. axb6 cxb6 23. Rxa7 Kxa7 24. Ra1+ Kb8 25. Nb5 Bb7 26. Qa4
1-0

[Event "CHIJ IIII"]
[Site "SchemingMind.com"]
[Date "2021.03.01"]
[Round "-"]
[White "David Connolly"]
[Black "eliecercruzr"]
[Result "1/2-1/2"]
[WhiteCountry "WLS"]
[BlackCountry "CUB"]
[WhiteElo "2063"]
[WhiteRD "81"]
[BlackElo "2118"]
[BlackRD "129"]
[GameID "708970"]

1. d4 Nf6 2. c4 e6 3. Nc3 d5 4. Bg5 Bb4 5. cxd5 exd5 6. e3 h6 7. Bh4 c5 8. Nf3 g5 9. Bg3 Ne4 10. Bb5+ Bd7
11. Bxd7+ Nxd7 12. dxc5 O-O 13. O-O Bxc3 14. bxc3 Ndxc5 15. Nd4 f5=
1/2-1/2

[Event "CHIJ IIII"]
[Site "SchemingMind.com"]
[Date "2021.03.02"]
[Round "-"]
[White "David Connolly"]
[Black "MichaelChess"]
[Result "0-1"]
[WhiteCountry "WLS"]
[BlackCountry "CUB"]
[WhiteElo "1983"]
[WhiteRD "64"]
[BlackElo "2306"]
[BlackRD "102"]
[GameID "708971"]

1. d4 Nf6 2. c4 e6 3. Nc3 d5 4. Bg5 Be7 5. e3 h6 6. Bh4 O-O 7. Rc1 b6 8. cxd5 Nxd5 9. Bxe7 Qxe7 10. Nxd5 exd5
11. Bd3= c5 12. Ne2 c4 13. Bb1 Rd8 14. Ng3 Qb4+ 15. Qd2 a5 16. Ne2 Qxd2+ 17. Kxd2 b5 18. Nc3 b4 19. Na4 Ra6 20. Nc5 Rf6
21. Rhf1 Na6 22. Nxa6 Bxa6
0-1

[Event "CHIJ IIII"]
[Site "SchemingMind.com"]
[Date "2021.03.01"]
[Round "-"]
[White "Transcendent"]
[Black "eliecercruzr"]
[Result "1/2-1/2"]
[WhiteCountry "ENG"]
[BlackCountry "CUB"]
[WhiteElo "2089"]
[WhiteRD "64"]
[BlackElo "2188"]
[BlackRD "100"]
[GameID "708972"]

1. d4 Nf6 2. c4 e6 3. g3 d5 4. Nf3 Be7 5. Bg2 O-O 6. O-O dxc4 7. a4 Nc6 8. e3 Na5 9. Nbd2 b6 10. Ne5 Ba6
11. Nc6 Nxc6 12. Bxc6 Rc8 13. Nf3 Qd6 14. Ne5= Nd5 15. e4 Nb4 16. Bb5 c5 17. Bf4 Bxb5 18. axb5 cxd4 19. Rxa7 Qc5 20. Qa4 Nd3
21. Nd7 Qh5 22. Nxf8 Bxf8 23. Qa6 Nxf4=
1/2-1/2

[Event "CHIJ IIII"]
[Site "SchemingMind.com"]
[Date "2021.03.04"]
[Round "-"]
[White "eliecercruzr"]
[Black "Helga1946"]
[Result "0-1"]
[WhiteCountry "CUB"]
[BlackCountry "GER"]
[WhiteElo "2188"]
[WhiteRD "100"]
[BlackElo "2282"]
[BlackRD "69"]
[GameID "708973"]

1. d4 Nf6 2. c4 c6 3. e3 d5 4. Nf3 Bg4 5. h3 Bxf3 6. Qxf3 e6 7. Nc3 Bd6 8. Bd2 O-O 9. g4 Nbd7 10. g5 Ne8
11. h4 Be7 12. Qg4 Nd6 13. c5 Nf5 14. Bd3 b6 15. cxb6 axb6 16. Bxf5 exf5 17. Qxf5 Bd6 18. h5 b5 19. Ne2 Qe7 20. Nf4 g6
21. Qg4 Rfe8 22. Nd3 c5 23. a3 b4 24. Ke2 bxa3 25. bxa3 Ra4 26. Kf1 cxd4 27. exd4 Rxd4 28. Qf3 Re4 29. Rb1 Nc5 30. Rb5 Nxd3
31. Qxd3 Rd4 32. Qe3 Qd7 33. Rb8 Bxb8 34. Qxd4 Re4 35. Qd3 Qg4 36. Bc3 gxh5 37. Rh3 Ba7 38. Bb2 h4 39. Rf3 d4 40. Qb3 Re7
0-1

[Event "CHIJ IIII"]
[Site "SchemingMind.com"]
[Date "2021.03.02"]
[Round "-"]
[White "eliecercruzr"]
[Black "splinter"]
[Result "1-0"]
[WhiteCountry "CUB"]
[BlackCountry "CAN"]
[WhiteElo "2118"]
[WhiteRD "129"]
[BlackElo "1853"]
[BlackRD "85"]
[GameID "708975"]

1. e4 c5 2. Nf3 Nc6 3. d4 cxd4 4. Nxd4 g6 5. c4 Bg7 6. Be3 Nf6 7. Nc3 O-O 8. Be2 b6 9. O-O Bb7 10. Nxc6 Bxc6
11. f3 d6 12. Qd2 Qd7 13. b4 Rac8 14. a4 Ba8 15. a5 bxa5 16. Rxa5 Rc7 17. Nb5 Bxe4 18. Nxc7 Qxc7 19. fxe4 Nxe4 20. Qd3 f5
21. Rxa7 Qb8 22. Bf3 d5 23. Qxd5+ Kh8 24. Bxe4 fxe4 25. Rxf8+ Bxf8 26. Qf7 Qd8 27. Rd7
1-0

[Event "CHIJ IIII"]
[Site "SchemingMind.com"]
[Date "2021.03.02"]
[Round "-"]
[White "eliecercruzr"]
[Black "MichaelChess"]
[Result "1/2-1/2"]
[WhiteCountry "CUB"]
[BlackCountry "CUB"]
[WhiteElo "2208"]
[WhiteRD "100"]
[BlackElo "2356"]
[BlackRD "96"]
[GameID "708976"]

1. d4 Nf6 2. c4 e6 3. Nc3 d5 4. cxd5 exd5 5. Bg5 Be7 6. e3 h6 7. Bh4 O-O 8. Bd3 Re8 9. Nge2 b6 10. O-O Bb7
11. Qc2 c6 12. Rfd1 Nbd7 13. Rac1 Nf8 14. Bg3 Nh5 15. Be5 Nd7 16. Bf5 Bf8 17. f4 g6 18. Bd3 Nxe5 19. fxe5 Qg5 20. Qd2 c5
21. Nb5 Rab8 22. Nxa7 Ra8 23. Nb5 Rxa2 24. Kh1 Ra5 25. b4 cxb4 26. Nf4 Rc8 27. Nxh5 Qxh5 28. Nd6= Bxd6 29. exd6 Qg5 30. Qxb4 Ra2
31. Rxc8+ Bxc8 32. Rg1 Bd7 33. Qb3 Ra8 34. Rf1 b5 35. e4 Be6 36. Bxb5 dxe4 37. Bc4 Bxc4 38. Qxc4 Rf8 39. Kg1 e3 40. Qe2 h5
41. Qf3=
1/2-1/2

[Event "CHIJ IIII"]
[Site "SchemingMind.com"]
[Date "2021.03.01"]
[Round "-"]
[White "Transcendent"]
[Black "MichaelChess"]
[Result "0-1"]
[WhiteCountry "ENG"]
[BlackCountry "CUB"]
[WhiteElo "2049"]
[WhiteRD "72"]
[BlackElo "2449"]
[BlackRD "88"]
[GameID "708977"]

1. d4 Nf6 2. c4 e6 3. g3 d5 4. Nf3 Bb4+ 5. Bd2 a5 6. Bg2 O-O 7. O-O dxc4 8. Qc2 Bxd2 9. Nbxd2 b5 10. Ne5 Ra6
11. e3 Nfd7 12. a4 c6 13. b3 Nxe5 14. dxe5 Nd7 15. bxc4 b4 16. Rad1 Nxe5 17. c5 Qf6 18. f4 Ng4 19. Rfe1 Qe7 20. Nf3 Ra7
21. h3 Nf6 22. Ne5 Bd7 23. Rd6 Rc8 24. Red1 Be8 25. e4 Rb7 26. Qb3 h5 27. Nc4 Rd7 28. Nxa5 Rxd6 29. Rxd6 h4 30. Qxb4 hxg3
31. Bf3 Nd7 32. Kg2 Qh4 33. Qd2 Nxc5 34. Nc4 Ra8 35. a5 e5 36. Nxe5 Nb3 37. Qa2 Qxf4 38. Nc4 Nc5 39. Qd2 Qh4
0-1

[Event "CHIJ IIII"]
[Site "SchemingMind.com"]
[Date "2021.03.04"]
[Round "-"]
[White "MichaelChess"]
[Black "Helga1946"]
[Result "1-0"]
[WhiteCountry "CUB"]
[BlackCountry "GER"]
[WhiteElo "2424"]
[WhiteRD "92"]
[BlackElo "2241"]
[BlackRD "71"]
[GameID "708978"]

1. e4 e5 2. Nf3 Nc6 3. Bc4 Nf6 4. Ng5 d5 5. exd5 Na5 6. Bb5+ Bd7 7. Qe2 Be7 8. Nf3 e4 9. Ne5 Bxb5 10. Qxb5+ c6
11. dxc6 a6 12. Qe2 b5 13. Nd7 Nxd7 14. cxd7+ Qxd7 15. Qxe4 O-O 16. O-O Rfe8 17. Qf3 Nc6 18. d3 Nd4 19. Qd1 Bf6 20. Kh1 Rac8
21. c3 Nf5 22. Na3 b4 23. cxb4 Red8 24. Rb1 Qe6 25. b3 Rc3 26. Qe1 Qd7 27. d4 Rd3 28. Qe2 Rxd4 29. Nc4 Qb7 30. Be3 Qe4
31. Kg1 Rd3 32. Rbd1 Nxe3 33. Nxe3 h6 34. Rxd3 Rxd3 35. Rc1 Bc3 36. h3 Kh7 37. Kf1 Qg6 38. Rd1 Rxd1+ 39. Qxd1 Bxb4 40. Qc2 a5
41. Ke2 h5 42. Qxg6+ Kxg6 43. Kd3 Kg5 44. Nc2 Bc5 45. Nd4 Kf4 46. Kc4 Bb4 47. Nc2 Be7 48. Kb5 Bd8 49. Nd4 Bf6 50. Nc6 g5
51. Kxa5 Bc3+ 52. Kb5 g4 53. Nb4
1-0

[Event "CHIJ IIII"]
[Site "SchemingMind.com"]
[Date "2021.03.01"]
[Round "-"]
[White "MichaelChess"]
[Black "splinter"]
[Result "1-0"]
[WhiteCountry "CUB"]
[BlackCountry "CAN"]
[WhiteElo "2356"]
[WhiteRD "96"]
[BlackElo "1838"]
[BlackRD "78"]
[GameID "708979"]

1. e4 c5 2. Nf3 Nc6 3. d4 cxd4 4. Nxd4 g6 5. Nc3 Bg7 6. Be3 a6 7. Nd5 Bxd4 8. Bxd4 Nxd4 9. Qxd4 f6 10. Nb6 Rb8
11. O-O-O d6 12. Bc4 Kf8 13. h3 Bd7 14. f4 Bb5 15. Bxb5 axb5 16. g4 h6 17. e5 Qc7 18. Rhe1 h5 19. exf6 Rh7 20. Nd5 Qc4
21. fxe7+ Ke8 22. Nf6+ Nxf6 23. Qxd6 Rc8 24. Qd8+
1-0